000 00202 a2200097 4500
001 37976
100 _aJohnson P
245 _aA History of Christianity
260 _a
_b
_c1993
090 _c24155
_d24155
942 _aNUST-CAE
_cM
_c15731
999 _c273049
_d273049